[Event "Mondiale Lampo FIDE 2019"]
[Site "Mosca"]
[Date "30.12.2019"]
[Round "18.18"]
[White "Inarkiev, Ernesto"]
[Black "Wojtaszek, Radoslaw"]
[Result "1-0"]
[WhiteTitle "GM"]
[BlackTitle "GM"]
[WhiteElo "2663"]
[BlackElo "2725"]
[WhiteFideId "4162722"]
[BlackFideId "1118358"]
[EventDate "2019.12.29"]

1. d4 Nf6 2. Nf3 d5 3. Bf4 Bf5 4. c4 e6 5. e3 Bxb1 6. Qa4+ b5 7. cxb5 Be4 8. b6+
Nbd7 9. bxc7 Qe7 10. a3 Bxf3 11. gxf3 g5 12. Qc6 Rc8 13. Ba6 1-0

[Event "Mondiale Lampo FIDE 2019"]
[Site "Mosca"]
[Date "30.12.2019"]
[Round "18.19"]
[White "Socko, Bartosz"]
[Black "Svidler, Peter"]
[Result "0-1"]
[WhiteTitle "GM"]
[BlackTitle "GM"]
[WhiteElo "2618"]
[BlackElo "2723"]
[WhiteFideId "1107038"]
[BlackFideId "4102142"]
[EventDate "2019.12.29"]

1. d4 Nf6 2. c4 g6 3. Nf3 Bg7 4. g3 O-O 5. Bg2 d6 6. O-O Nc6 7. Nc3 a6 8. Qc2
Bd7 9. Rd1 Rb8 10. e4 Bg4 11. Be3 Nd7 12. Ne2 Nb4 13. Qb3 c5 14. dxc5 dxc5 15.
h3 Bxf3 16. Bxf3 Nc6 17. Bg2 Qc7 18. f4 e5 19. f5 Nd4 20. Qd3 b5 21. Nc3 bxc4
22. Qxc4 Rxb2 23. Nd5 Qd6 24. g4 Rfb8 25. Rd2 Rxd2 26. Bxd2 Nf6 27. Rf1 Rb2 28.
Bg5 Nxd5 29. exd5 e4 30. Rf2 Rb1+ 31. Rf1 Nf3+ 32. Bxf3 Qg3+ 33. Bg2 Bd4+ 34.
Kh1 Be5 35. Kg1 Qh2+ 36. Kf2 Rb2+ 37. Ke1 Qxg2 38. fxg6 Bc3+ 39. Kd1 Qc2# 0-1

[Event "Mondiale Lampo FIDE 2019"]
[Site "Mosca"]
[Date "30.12.2019"]
[Round "18.20"]
[White "Korobov, Anton"]
[Black "Fridman, Daniel"]
[Result "0-1"]
[WhiteTitle "GM"]
[BlackTitle "GM"]
[WhiteElo "2668"]
[BlackElo "2616"]
[WhiteFideId "14105730"]
[BlackFideId "11600454"]
[EventDate "2019.12.29"]

1. d4 d5 2. c4 e6 3. Nc3 Be7 4. cxd5 exd5 5. Bf4 Nf6 6. e3 Bf5 7. Nge2 O-O 8.
Ng3 Be6 9. Bd3 c5 10. dxc5 Bxc5 11. O-O Nc6 12. Rc1 d4 13. Nce4 Be7 14. Nxf6+
Bxf6 15. e4 Be5 16. Bd2 f6 17. f4 Bc7 18. e5 f5 19. a3 Bb6 20. Kh1 Rc8 21. Qf3
g6 22. Ne2 Bd5 23. Qg3 Qd7 24. Ng1 Nd8 25. Bb4 Re8 26. Nf3 Rxc1 27. Rxc1 Nf7 28.
h4 Kh8 29. h5 Rg8 30. Qh3 Kg7 31. Qh4 Bd8 32. Qf2 Bb6 33. Kg1 Be4 34. Rd1 Rd8
35. Bc4 d3 36. Bc5 Bxc5 37. Qxc5 Rc8 38. Qb5 Bc6 39. Qb3 Bxf3 40. Rxd3 Qc6 41.
Bxf7 Qc1+ 42. Kf2 Rc2+ 0-1

[Event "Mondiale Lampo FIDE 2019"]
[Site "Mosca"]
[Date "30.12.2019"]
[Round "18.21"]
[White "Adhiban, Baskaran"]
[Black "Vitiugov, Nikita"]
[Result "1/2-1/2"]
[WhiteTitle "GM"]
[BlackTitle "GM"]
[WhiteElo "2654"]
[BlackElo "2747"]
[WhiteFideId "5018471"]
[BlackFideId "4152956"]
[EventDate "2019.12.29"]

1. d4 Nf6 2. c4 e6 3. Nf3 Bb4+ 4. Nc3 c5 5. g3 cxd4 6. Nxd4 O-O 7. Bg2 d5 8.
cxd5 Nxd5 9. Bd2 Bxc3 10. bxc3 e5 11. Nb5 Nc6 12. O-O Be6 13. c4 Nb6 14. c5 Nc4
15. Bc3 Rc8 16. Rc1 a6 17. Nd6 Nxd6 18. cxd6 Qd7 19. Bxc6 Rxc6 20. Bxe5 f6 21.
Bf4 g5 22. Be3 Rxd6 23. Qc2 Rc8 24. Qb2 Kf7 25. Rxc8 Qxc8 26. Rc1 Rc6 27. Rxc6
Qxc6 28. f3 b5 1/2-1/2

[Event "Mondiale Lampo FIDE 2019"]
[Site "Mosca"]
[Date "30.12.2019"]
[Round "18.22"]
[White "Zhigalko, Sergei"]
[Black "Safarli, Eltaj"]
[Result "1/2-1/2"]
[WhiteTitle "GM"]
[BlackTitle "GM"]
[WhiteElo "2571"]
[BlackElo "2601"]
[WhiteFideId "13502956"]
[BlackFideId "13402129"]
[EventDate "2019.12.29"]

1. e4 e5 2. Nf3 Nc6 3. Bb5 a6 4. Ba4 Nf6 5. O-O Be7 6. Re1 b5 7. Bb3 d6 8. c3
Bg4 9. d3 O-O 10. Nbd2 Na5 11. Bc2 c5 12. h3 Bh5 13. Nf1 Nd7 14. Ng3 Bxf3 15.
Qxf3 Bg5 16. Nf5 Bxc1 17. Raxc1 Qf6 18. Qg3 Nc6 19. Bb3 Ne7 20. Ne3 Qf4 21. Rf1
Qxg3 22. fxg3 g6 23. g4 Kg7 24. Rf3 f6 25. Be6 Nb6 26. Rcf1 g5 27. R1f2 a5 28.
Nf1 Ng6 29. Bd5 Nxd5 30. exd5 Rad8 31. Ng3 Nf4 32. c4 bxc4 33. dxc4 Rfe8 34. Ne4
Kg6 35. Kh2 f5 36. gxf5+ Kxf5 37. Re3 Kg6 38. g3 Nh5 39. Ref3 Re7 40. a4 h6 41.
b3 Kg7 42. h4 gxh4 43. gxh4 Nf4 44. Rg3+ Kf7 45. Rf1 Ke8 46. Rg8+ Kd7 47. Rxd8+
Kxd8 48. Nxd6 Rg7 49. Rf2 Kd7 50. Ne4 Rf7 51. Nxc5+ Ke8 52. Ne4 Rg7 53. c5 Nxd5
54. Rd2 Ne3 55. c6 Nf1+ 56. Kh3 Nxd2 57. Nxd2 Rc7 58. Nc4 Rxc6 59. Nxa5 Rc3+ 60.
Kg4 Kd7 61. Kf5 Kd6 62. Nc4+ Kd5 63. Nxe5 Rxb3 64. Nf7 Rf3+ 65. Kg6 Ke6 66. Nxh6
Rg3+ 67. Kh5 Kf6 68. Ng4+ Kf5 69. Nh6+ Kf4 70. a5 Rg1 71. a6 Rg7 72. a7 Rxa7 73.
Kg6 Ra6+ 74. Kg7 Kg3 75. Nf7 Kxh4 76. Nh6 Kh5 77. Nf7 Rg6+ 78. Kf8 Re6 79. Kg7
Kg4 80. Nh6+ Kf4 81. Nf7 Ra6 82. Nh6 Ke5 83. Nf7+ Ke6 84. Ng5+ Kf5 85. Nf7 Ra7
86. Kf8 Ke6 87. Nd8+ Kf6 88. Ke8 Re7+ 89. Kf8 Re4 90. Nc6 Re1 91. Nd8 Rc1 92.
Ke8 Rc7 93. Kf8 Re7 94. Nc6 Rh7 95. Ke8 Ke6 96. Nd8+ Kd5 97. Nf7 Ke6 98. Ng5+ 1/2-1/2

[Event "Mondiale Lampo FIDE 2019"]
[Site "Mosca"]
[Date "30.12.2019"]
[Round "18.23"]
[White "Abdusattorov, Nodirbek"]
[Black "Sargissian, Gabriel"]
[Result "0-1"]
[WhiteTitle "GM"]
[BlackTitle "GM"]
[WhiteElo "2635"]
[BlackElo "2689"]
[WhiteFideId "14204118"]
[BlackFideId "13300881"]
[EventDate "2019.12.29"]

1. e4 e5 2. Nf3 Nc6 3. Bb5 a6 4. Ba4 Nf6 5. O-O Be7 6. Re1 b5 7. Bb3 O-O 8. c3
d5 9. exd5 Nxd5 10. Nxe5 Nxe5 11. Rxe5 c6 12. d3 Bd6 13. Re1 Bf5 14. Qf3 Qh4 15.
g3 Qh3 16. Be3 Bxd3 17. Nd2 Qf5 18. Bd4 Rfd8 19. a4 h6 20. Kg2 Bf8 21. Ne4 Qxf3+
22. Kxf3 Bxe4+ 23. Kxe4 Nf6+ 24. Kf3 c5 25. Be3 c4 26. Bc2 b4 27. cxb4 Bxb4 28.
Red1 a5 29. Rac1 Nd7 30. Be4 Ne5+ 31. Ke2 Rab8 32. Bf4 Re8 33. Kf1 Rbc8 34. Bf5
Rc5 35. Be3 Rc7 36. Rd5 Rce7 37. Rcd1 g6 38. Bb1 Ng4 39. Bd4 Re1+ 40. Rxe1 Rxe1+
41. Kg2 Rxb1 42. Rd8+ Bf8 43. Bc5 Rxb2 44. Rxf8+ Kg7 45. Rc8 Rc2 46. Bd4+ f6 47.
Rc7+ Kf8 48. Rc5 Ke7 49. Rxa5 Kd6 50. Ra8 Kd5 51. Rd8+ Ke4 52. a5 Ra2 53. a6 Ne5
54. a7 Nc6 55. a8=Q Rxa8 56. f3+ Kd3 57. Rxa8 Nxd4 58. Kf2 c3 59. Ke1 c2 60.
Ra3+ Nb3 61. Rxb3+ Kc4 62. Kd2 Kxb3 63. Kc1 Kc3 64. h4 Kd3 65. f4 h5 0-1

[Event "Mondiale Lampo FIDE 2019"]
[Site "Mosca"]
[Date "30.12.2019"]
[Round "18.24"]
[White "Grigoriants, Sergey"]
[Black "Salem, A.R. Saleh"]
[Result "1-0"]
[WhiteTitle "GM"]
[BlackTitle "GM"]
[WhiteElo "2542"]
[BlackElo "2675"]
[WhiteFideId "4130804"]
[BlackFideId "9301348"]
[EventDate "2019.12.29"]

1. c4 g6 2. Nc3 Bg7 3. d4 Nf6 4. e4 d6 5. Be2 O-O 6. Bg5 Na6 7. Nf3 Qe8 8. O-O
e5 9. Re1 h6 10. Bxf6 Bxf6 11. c5 Bg7 12. Bxa6 bxa6 13. Nd5 Qd8 14. dxe5 dxe5
15. Qa4 Rb8 16. b3 Rb5 17. c6 f5 18. Rad1 fxe4 19. Nc3 Qe7 20. Nxb5 exf3 21.
Nxa7 Qg5 22. g3 Bf5 23. Qxa6 Ra8 24. Qb7 Rf8 25. Qb4 e4 26. Rxe4 Bxe4 27. Qxe4
Qa5 28. Qc4+ Kh7 29. Nb5 Rb8 30. a4 Re8 31. h4 Re1+ 32. Rxe1 Qxe1+ 33. Qf1 Qe4
34. a5 Qxc6 35. Qc4 Qa6 36. b4 c6 37. Nd6 Qa8 38. a6 Bf8 39. Qf7+ Bg7 40. h5
gxh5 41. Qf5+ Kh8 42. Qxh5 Qxa6 43. Qxf3 Qa1+ 44. Kg2 Qd4 45. Qxc6 Qxb4 46. Nf5
Qf8 47. Qe4 Qf6 48. Ne7 Bf8 49. Ng6+ Kg7 50. Nf4 Kg8 51. Qd5+ Kh8 52. Nh5 Qg6
53. Qe5+ Kg8 54. Nf6+ Kf7 55. Ne4 Kg8 56. Qd5+ Kh8 57. Qd4+ Bg7 58. Qd5 Bf8 59.
Qe5+ Bg7 60. Qf4 Kh7 61. Nd6 Kh8 62. Nf5 Kh7 63. Kh3 Qh5+ 64. Nh4 Kh8 65. Qf5
Qe8 66. Ng6+ Kg8 67. Nf4 Kh8 68. Ne6 Qc6 69. Kh2 Qd7 70. Qe4 Qe7 71. f4 Qf7 72.
Nxg7 Kxg7 73. Qe5+ Kh7 74. Kh3 Qb7 75. Qf5+ Kg7 76. Qe5+ Kh7 77. Kg4 Qc6 78.
Qe7+ Kg8 79. f5 Qc4+ 80. Kh5 Qf1 81. Qe6+ Kf8 82. Qxh6+ Ke7 83. Qe6+ Kd8 84. Kg6
Qf3 85. Qd6+ Ke8 86. Qe5+ Kf8 87. Kg5 Kf7 88. f6 Qb7 89. Qe7+ Qxe7 90. fxe7 1-0

[Event "Mondiale Lampo FIDE 2019"]
[Site "Mosca"]
[Date "30.12.2019"]
[Round "18.25"]
[White "Sakaev, Konstantin"]
[Black "Indjic, Aleksandar"]
[Result "1/2-1/2"]
[WhiteTitle "GM"]
[BlackTitle "GM"]
[WhiteElo "2596"]
[BlackElo "2619"]
[WhiteFideId "4104226"]
[BlackFideId "911925"]
[EventDate "2019.12.29"]

1. d4 g6 2. c4 Bg7 3. e4 d6 4. Nc3 e5 5. d5 a5 6. Be2 Na6 7. Be3 h5 8. Nf3 Bh6
9. Qd2 Bxe3 10. Qxe3 Bg4 11. Nd2 Nf6 12. f3 Bd7 13. h4 Nc5 14. g3 Kf8 15. Nb3 b6
16. Nxc5 bxc5 17. O-O-O Rb8 18. Rhf1 Qe7 19. f4 Kg7 20. f5 gxf5 21. exf5 Rbg8
22. Ne4 Nxe4 23. Qxe4 Qf6 24. Rf3 Kf8 25. Rdf1 Rg4 26. Qc2 Rhg8 27. Qc3 a4 28.
Kb1 Ke7 29. a3 e4 30. Re3 Qxc3 31. bxc3 Rxg3 32. f6+ Kf8 33. Rxe4 Rg1 34. Re7
Be8 35. Rxg1 Rxg1+ 36. Kc2 Rg2 37. Kd2 Rh2 38. Rxc7 Rxh4 39. Ke3 Rh3+ 40. Bf3
Rg3 41. Kf4 Rg6 42. Kf5 h4 43. Bg4 Rh6 44. Kg5 Rg6+ 45. Kf5 Rh6 46. Kg5 Rg6+ 47.
Kf5 1/2-1/2

[Event "Mondiale Lampo FIDE 2019"]
[Site "Mosca"]
[Date "30.12.2019"]
[Round "18.26"]
[White "Nozdrachev, Vladislav"]
[Black "Motylev, Alexander"]
[Result "1-0"]
[WhiteTitle "IM"]
[BlackTitle "GM"]
[WhiteElo "2494"]
[BlackElo "2640"]
[WhiteFideId "24113441"]
[BlackFideId "4121830"]
[EventDate "2019.12.29"]

1. e4 c5 2. Nf3 Nc6 3. Bb5 g6 4. O-O Bg7 5. Re1 e5 6. Bxc6 dxc6 7. d3 Qe7 8. a4
Nf6 9. Bg5 h6 10. Be3 O-O 11. a5 Bg4 12. Nbd2 Nd7 13. h3 Be6 14. Nc4 Bxc4 15.
dxc4 Rfd8 16. Qd2 Nf8 17. Qc3 Ne6 18. Qa3 Rd7 19. Red1 Rad8 20. Rxd7 Rxd7 21.
Ne1 Nd4 22. Bxd4 exd4 23. Qf3 Qe6 24. Ra4 Re7 25. Nd3 Qxe4 26. Qxe4 Rxe4 27. Kf1
Bf8 28. Ra1 f5 29. a6 b6 30. Re1 Bd6 31. f3 Rxe1+ 32. Kxe1 b5 33. b3 Kf7 34. f4
Ke6 35. Ke2 Kd7 36. g4 fxg4 37. hxg4 h5 38. Kf3 Ke6 39. Nf2 Be7 40. Ne4 h4 41.
Kg2 Kf7 42. Kh3 Ke6 43. Nf2 g5 44. Nd3 Kf6 45. fxg5+ Kxg5 46. Ne5 bxc4 47. bxc4
Bd8 48. Nf7+ 1-0

[Event "Mondiale Lampo FIDE 2019"]
[Site "Mosca"]
[Date "30.12.2019"]
[Round "18.27"]
[White "Andriasian, Zaven"]
[Black "Golubov, Saveliy"]
[Result "1-0"]
[WhiteTitle "GM"]
[BlackTitle "IM"]
[WhiteElo "2611"]
[BlackElo "2469"]
[WhiteFideId "13302000"]
[BlackFideId "24176729"]
[EventDate "2019.12.29"]

1. e4 c5 2. Nc3 e6 3. g3 d5 4. Bg2 Nf6 5. d3 Be7 6. Qe2 O-O 7. Nf3 Nc6 8. O-O b6
9. Bf4 d4 10. Nb1 Bb7 11. Re1 b5 12. a4 a6 13. Na3 Qb6 14. h4 h6 15. Bh3 Nh5 16.
Bd2 Nf6 17. g4 e5 18. g5 hxg5 19. hxg5 Nh7 20. Kh2 Bc8 21. Rg1 Bxh3 22. Kxh3 Nd8
23. Rg4 Qe6 24. Rg1 Rb8 25. axb5 axb5 26. Kg3 c4 27. Rh1 f5 28. exf5 Rxf5 29.
Qe4 c3 30. Bc1 cxb2 31. Bxb2 Nf8 32. Kg2 Ng6 33. Kg1 Rf4 34. Rxf4 exf4 35. Qxd4
Qf7 36. Ne5 Ne6 37. Qe4 Nef8 38. Nxf7 1-0

[Event "Mondiale Lampo FIDE 2019"]
[Site "Mosca"]
[Date "30.12.2019"]
[Round "18.28"]
[White "Morozevich, Alexander"]
[Black "Hansen, Eric"]
[Result "1/2-1/2"]
[WhiteTitle "GM"]
[BlackTitle "GM"]
[WhiteElo "2659"]
[BlackElo "2606"]
[WhiteFideId "4116992"]
[BlackFideId "2606771"]
[EventDate "2019.12.29"]

1. e4 c5 2. Nc3 e6 3. g3 Nc6 4. Bg2 Nf6 5. Nge2 d6 6. O-O a6 7. f4 Qc7 8. d3 b5
9. h3 Bb7 10. g4 Nd4 11. Ng3 h6 12. Nb1 Be7 13. c3 Nc6 14. Nd2 g6 15. Nf3 Nd7
16. d4 Nb6 17. b3 h5 18. g5 h4 19. Nh1 Nb8 20. Nf2 N8d7 21. Qe2 e5 22. fxe5 dxe5
23. dxe5 Nxe5 24. Nxe5 Qxe5 25. Ng4 Qe6 26. Nf6+ Kf8 27. Bf4 Rd8 28. Rf2 c4 29.
Be3 Nd7 30. Ng4 cxb3 31. axb3 Ne5 32. Nh6 Kg7 33. Raf1 Rdf8 34. Qd2 f6 35. Bd4
Rxh6 36. gxh6+ Kh7 37. Qe3 Rd8 38. Kh1 a5 39. Rd2 Rc8 40. Qf4 g5 41. Qf5+ Qxf5
42. Rxf5 Kxh6 43. Bxe5 fxe5 44. Rd7 Rxc3 45. Rxe7 1/2-1/2

[Event "Mondiale Lampo FIDE 2019"]
[Site "Mosca"]
[Date "30.12.2019"]
[Round "18.29"]
[White "Predke, Alexandr"]
[Black "Ponkratov, Pavel"]
[Result "1-0"]
[WhiteTitle "GM"]
[BlackTitle "GM"]
[WhiteElo "2676"]
[BlackElo "2632"]
[WhiteFideId "24107581"]
[BlackFideId "4157800"]
[EventDate "2019.12.29"]

1. e4 g6 2. d4 Bg7 3. Nc3 d5 4. exd5 Nf6 5. Nf3 O-O 6. Be2 Nxd5 7. Nxd5 Qxd5 8.
O-O c5 9. dxc5 Qxc5 10. c3 Qc7 11. Be3 Nc6 12. Qa4 h6 13. Rad1 Bf5 14. Qh4 g5
15. Qg3 Qxg3 16. hxg3 Rfd8 17. Bb5 g4 18. Bxc6 bxc6 19. Nd4 Be4 20. Nb3 Bd5 21.
Na5 Rdc8 22. c4 Be6 23. Bd4 Bxd4 24. Rxd4 Rab8 25. b3 c5 26. Rd3 Rb6 27. Rfd1
Rc7 28. a3 Kg7 29. Rc3 h5 30. Kf1 f5 31. f4 Kf6 32. Kf2 Bf7 33. Rd8 e5 34. fxe5+
Kxe5 35. Re3+ Kf6 36. Red3 Re7 37. R8d6+ Re6 38. Rd7 Re7 39. R3d6+ Be6 40. Rd8
Kg5 41. Nc6 Rd7 42. Rxe6 Rg7 43. b4 cxb4 44. axb4 Ra6 45. Rd2 h4 46. gxh4+ Kxh4
47. g3+ Kg5 48. b5 Ra1 49. Kg2 Rh7 50. Ne5 f4 51. gxf4+ Kf5 52. Re8 Rah1 53.
Rf8+ Ke4 54. Nxg4 1-0

[Event "Mondiale Lampo FIDE 2019"]
[Site "Mosca"]
[Date "30.12.2019"]
[Round "18.30"]
[White "Jakovenko, Dmitry"]
[Black "Castellanos Rodriguez, Renier"]
[Result "0-1"]
[WhiteTitle "GM"]
[BlackTitle "IM"]
[WhiteElo "2698"]
[BlackElo "2474"]
[WhiteFideId "4122356"]
[BlackFideId "3404650"]
[EventDate "2019.12.29"]

1. e4 c5 2. Nf3 e6 3. d4 cxd4 4. Nxd4 a6 5. Bd3 Bc5 6. Nb3 Be7 7. Qg4 g6 8. Qe2
d6 9. a4 Nc6 10. O-O Ne5 11. h3 h5 12. Nc3 Nf6 13. Be3 h4 14. a5 Bd7 15. Na4
Nxd3 16. cxd3 Bxa4 17. Rxa4 Rc8 18. Rc1 Rxc1+ 19. Bxc1 Qd7 20. Rc4 d5 21. Rc2
O-O 22. e5 Nh5 23. d4 Rc8 24. Be3 Ng7 25. Nc1 Nf5 26. Nd3 Rc4 27. Qd2 Qc6 28.
Rxc4 Qxc4 29. Nf4 Bb4 30. Qd1 Bxa5 31. Qg4 Nxe3 32. fxe3 Qc1+ 33. Kh2 Be1 34.
Nh5 Bf2 0-1

[Event "Mondiale Lampo FIDE 2019"]
[Site "Mosca"]
[Date "30.12.2019"]
[Round "18.31"]
[White "Aravindh, Chithambaram VR."]
[Black "Cheparinov, Ivan"]
[Result "0-1"]
[WhiteTitle "GM"]
[BlackTitle "GM"]
[WhiteElo "2605"]
[BlackElo "2687"]
[WhiteFideId "5072786"]
[BlackFideId "2905540"]
[EventDate "2019.12.29"]

1. e4 c5 2. Nf3 d6 3. d4 cxd4 4. Qxd4 Nc6 5. Bb5 a6 6. Bxc6+ bxc6 7. c4 e5 8.
Qd3 Ne7 9. Nc3 Ng6 10. Be3 Be7 11. c5 dxc5 12. Qxd8+ Kxd8 13. Nd2 Be6 14. Na4
Nf4 15. Bxf4 exf4 16. Rc1 Rb8 17. b3 Rb5 18. Ke2 Kc7 19. Rc2 Rd8 20. Rhc1 a5 21.
f3 Rd4 22. Nc4 f5 23. exf5 Bxf5 24. Rd2 Bf6 25. Rcd1 Rxd2+ 26. Rxd2 Bd4 27. Kd1
g5 28. Re2 Bd3 29. Re7+ Kd8 30. Ra7 Bxc4 31. bxc4 Rb1+ 32. Kc2 Rg1 33. Rxa5
Rxg2+ 34. Kb3 g4 35. fxg4 f3 36. Ra7 f2 37. Rf7 Rg1 0-1

[Event "Mondiale Lampo FIDE 2019"]
[Site "Mosca"]
[Date "30.12.2019"]
[Round "18.32"]
[White "Grachev, Boris"]
[Black "Gareyev, Timur"]
[Result "1-0"]
[WhiteTitle "GM"]
[BlackTitle "GM"]
[WhiteElo "2614"]
[BlackElo "2598"]
[WhiteFideId "4129199"]
[BlackFideId "14200937"]
[EventDate "2019.12.29"]

1. Nf3 g6 2. c4 f5 3. d4 Bg7 4. g3 Nf6 5. Bg2 O-O 6. O-O d6 7. Nc3 Qe8 8. d5 a6
9. Rb1 Nbd7 10. b4 Ng4 11. Bb2 Nde5 12. Qb3 b5 13. c5 Kh8 14. a4 Nc4 15. Ba1 e5
16. dxe6 Bxe6 17. Qd1 dxc5 18. bxc5 Rd8 19. Qc1 bxa4 20. Rb7 Rc8 21. Ng5 Bg8 22.
Nd5 Nge5 23. Nxc7 Qe7 24. Nce6 Qf6 25. Rxg7 Bxe6 26. Nxe6 Qxe6 27. Qh6 1-0

[Event "Mondiale Lampo FIDE 2019"]
[Site "Mosca"]
[Date "30.12.2019"]
[Round "18.33"]
[White "Timofeev, Artyom"]
[Black "Christiansen, Johan-Sebastian"]
[Result "1/2-1/2"]
[WhiteTitle "GM"]
[BlackTitle "GM"]
[WhiteElo "2588"]
[BlackElo "2597"]
[WhiteFideId "4140419"]
[BlackFideId "1512668"]
[EventDate "2019.12.29"]

1. c4 e5 2. e3 Nf6 3. Nc3 g6 4. Nf3 d6 5. d3 Bg7 6. g3 O-O 7. Bg2 c6 8. O-O Bf5
9. h3 Re8 10. Kh2 Nbd7 11. e4 Be6 12. Ng5 Nc5 13. b4 Na6 14. Nxe6 fxe6 15. a3
Qd7 16. Rb1 Nc7 17. b5 c5 18. b6 axb6 19. Rxb6 Na6 20. Nb5 Bf8 21. f4 exf4 22.
Bxf4 e5 23. Bxe5 Rxe5 24. Rxf6 Qd8 25. Rbxd6 Bxd6 26. Rxd6 Qg5 27. Rd7 Rf8 28.
Qe1 Re7 29. Rxe7 Qxe7 30. e5 Kg7 31. Bd5 Nc7 32. Nxc7 Qxc7 33. e6 Qe7 34. Qe5+
Qf6 35. Qc7+ Kh6 36. Qxb7 Qf2+ 37. Bg2 Qe3 38. Qe4 Qxe4 39. Bxe4 Kg7 40. Kg2 Rb8
41. a4 Kf6 42. Kf3 Rb6 43. Bd5 Ra6 44. Ke4 Rxa4 45. d4 cxd4 46. Kxd4 Ke7 47. h4
Kd6 48. g4 Ra5 49. Ke4 Ra1 50. Kf4 h6 51. g5 h5 52. Be4 Rf1+ 53. Kg3 Kxe6 54.
Bxg6 Rc1 55. Bxh5 Rxc4 56. Bg4+ Kf7 57. h5 Rc5 58. Kf4 Rxg5 59. Kxg5 Kg7 1/2-1/2

[Event "Mondiale Lampo FIDE 2019"]
[Site "Mosca"]
[Date "30.12.2019"]
[Round "18.34"]
[White "Kobalia, Mikhail"]
[Black "Salgado Lopez, Ivan"]
[Result "0-1"]
[WhiteTitle "GM"]
[BlackTitle "GM"]
[WhiteElo "2609"]
[BlackElo "2605"]
[WhiteFideId "4119150"]
[BlackFideId "2257327"]
[EventDate "2019.12.29"]

1. e4 e5 2. Nf3 Nc6 3. Bc4 Bc5 4. O-O d6 5. c3 Bb6 6. d3 h6 7. Re1 Qf6 8. Be3
Nge7 9. Nbd2 Ng6 10. Bb5 O-O 11. Nf1 Bg4 12. N1d2 Nf4 13. Bxb6 axb6 14. Re3 Ne7
15. g3 Ne6 16. Qf1 d5 17. h3 Bh5 18. d4 Bxf3 19. Rxf3 Qg5 20. exd5 Nxd5 21. Ne4
Qg6 22. Bd3 f5 23. Bc4 c6 24. Nd6 e4 25. Bxd5 cxd5 26. Re3 f4 27. Ree1 fxg3 0-1

[Event "Mondiale Lampo FIDE 2019"]
[Site "Mosca"]
[Date "30.12.2019"]
[Round "18.35"]
[White "Bartel, Mateusz"]
[Black "Zvjaginsev, Vadim"]
[Result "1/2-1/2"]
[WhiteTitle "GM"]
[BlackTitle "GM"]
[WhiteElo "2634"]
[BlackElo "2627"]
[WhiteFideId "1112635"]
[BlackFideId "4113403"]
[EventDate "2019.12.29"]

1. e4 c5 2. Nf3 Nc6 3. Nc3 g6 4. Bb5 Bg7 5. O-O e5 6. Nd5 Nge7 7. d3 Nxd5 8.
exd5 a6 9. Ba4 Ne7 10. Re1 O-O 11. Nxe5 d6 12. Nf3 Nxd5 13. Bb3 Nf6 14. h3 b5
15. Bg5 Bb7 16. Nd2 d5 17. c3 Qd6 18. Qf3 Rae8 19. Nf1 Ba8 20. Qf4 Qxf4 21. Bxf4
Rxe1 22. Rxe1 Re8 23. Re5 Rxe5 24. Bxe5 Nd7 25. Bxg7 Kxg7 26. d4 cxd4 27. cxd4
Nf8 28. Ne3 Ne6 29. Nc2 a5 30. a3 f5 31. f3 f4 32. Kf2 Bc6 33. Ke2 g5 34. Kd3
Kf6 35. Ba2 Ke7 36. b4 a4 37. Kc3 Kd6 38. Ne1 Nf8 39. Bb1 Be8 40. Bd3 1/2-1/2

[Event "Mondiale Lampo FIDE 2019"]
[Site "Mosca"]
[Date "30.12.2019"]
[Round "18.36"]
[White "Utegaliyev, Azamat"]
[Black "Le, Quang Liem"]
[Result "0-1"]
[BlackTitle "GM"]
[WhiteElo "2502"]
[BlackElo "2713"]
[WhiteFideId "13702467"]
[BlackFideId "12401137"]
[EventDate "2019.12.29"]

1. Nf3 c5 2. g3 Nc6 3. Bg2 e5 4. O-O g6 5. c4 Bg7 6. Nc3 Nge7 7. Ne1 O-O 8. Nc2
d6 9. d3 Be6 10. Ne3 Qd7 11. a3 Bh3 12. Ned5 Bxg2 13. Kxg2 Nxd5 14. Nxd5 Rac8
15. Rb1 Ne7 16. Nxe7+ Qxe7 17. e4 f5 18. f3 Rf7 19. Bd2 h5 20. b4 f4 21. Qe2
Rcf8 22. gxf4 exf4 23. Kh1 Bd4 24. Bc1 g5 25. Bb2 Qe5 26. Bxd4 Qxd4 27. Qf2 Qxf2
28. Rxf2 Kg7 29. Rd2 Rc8 30. d4 cxb4 31. Rxb4 Kf6 32. Kg2 Rc6 33. Rdb2 Rfc7 34.
Rc2 a5 35. Ra4 b6 36. h3 Ke7 37. Kf2 Kd8 38. Ke2 Kc8 39. Kd3 Kb7 40. Rb2 Ka6 41.
Rb5 Rg7 42. Rf5 g4 43. hxg4 hxg4 44. fxg4 Rxg4 45. d5 Rc7 46. Rf6 Rd7 47. Kd4
Rg1 48. e5 Rd1+ 49. Kc3 dxe5 50. c5 Rc1+ 0-1

[Event "Mondiale Lampo FIDE 2019"]
[Site "Mosca"]
[Date "30.12.2019"]
[Round "18.37"]
[White "Dominguez Perez, Leinier"]
[Black "Kezin, Roman"]
[Result "1-0"]
[WhiteTitle "GM"]
[BlackTitle "IM"]
[WhiteElo "2758"]
[BlackElo "2470"]
[WhiteFideId "3503240"]
[BlackFideId "24124621"]
[EventDate "2019.12.29"]

1. e4 c5 2. Nf3 e6 3. d4 cxd4 4. Nxd4 Nc6 5. Nc3 Qc7 6. Be3 a6 7. Qd2 Nf6 8.
O-O-O Be7 9. f3 b5 10. g4 Nxd4 11. Bxd4 Bb7 12. Kb1 Rc8 13. g5 Nh5 14. Be5 d6
15. Bxd6 Bxd6 16. Qxd6 Qxd6 17. Rxd6 Ke7 18. Rb6 Rc7 19. a4 bxa4 20. Bxa6 Bc6
21. Rd1 h6 22. Bb5 Bxb5 23. Nxb5 Rd7 24. Rxd7+ Kxd7 25. Nd6 hxg5 26. Nxf7 Rf8
27. Nxg5 Nf4 28. Ra6 Rh8 29. Rxa4 Rxh2 30. e5 Rg2 31. Rxf4 Rxg5 32. Rd4+ Ke7 33.
f4 Rg4 34. c3 g5 35. fxg5 Rxg5 36. Re4 Kd7 37. b4 Kc6 38. Kc2 Kd5 39. Kd3 Rg3+
40. Re3 Rg4 41. Re2 Rg3+ 42. Kc2 Kc4 43. Re4+ Kd5 44. Rd4+ Kxe5 45. b5 Rg7 46.
Kb3 Kf5 47. c4 e5 48. Rd1 e4 49. b6 e3 50. c5 Ke5 51. c6 Rg8 52. Kc4 e2 53. Re1
Kd6 54. Kb5 Rg5+ 55. Ka6 Kxc6 56. Rxe2 Rg1 57. Rc2+ Kd7 58. Ka7 Ra1+ 59. Kb8 1-0